[Event "AUT-chT2O 2223"]
[Site "Austria"]
[Date "2022.11.19"]
[Round "3.1"]
[White "Dittel, Herbert"]
[Black "Stadlinger, Lea"]
[Result "1/2-1/2"]
[WhiteElo "1987"]
[BlackElo "1823"]
[PlyCount "104"]
[EventDate "2022.10.15"]
[EventType "team-tourn"]
[EventRounds "11"]
[EventCountry "AUT"]
[SourceTitle "CBM 213 Extra"]
[Source "ChessBase"]
[SourceDate "2023.05.31"]
[SourceVersion "1"]
[SourceVersionDate "2023.05.31"]
[SourceQuality "1"]
[WhiteTeam "Bad Voeslau"]
[BlackTeam "Donaustadt"]
[WhiteTeamCountry "AUT"]
[BlackTeamCountry "AUT"]

1. d4 d5 2. Nf3 Nf6 3. c4 e6 4. Nc3 a6 5. cxd5 exd5 6. Bg5 Be6 7. e3 Nbd7 8. Bd3 Bd6 9. 0-0 c6 10. a4 a5 11. Qc2 Qc7 12. Rfc1 Rc8 13. Bh4 0-0 14. Bg3 Bxg3 15. hxg3 h6 16. Nh4 Ne8 17. Nf5 Ndf6 18. Ne2 Nd6 19. Nxd6 Qxd6 20. Nf4 Bd7 21. Ra3 Rfe8 22. Rc3 Ne4 23. Bxe4 Rxe4 24. Nd3 Re7 25. Qb3 Bf5 26. Rc5 Bxd3 27. Qxd3 b6 28. R5c3 Rec7 29. Rb3 c5 30. dxc5 Rxc5 31. Rd1 Rc1 32. Qd2 R1c4 33. Qxd5 Qxd5 34. Rxd5 Rxa4 35. Rxb6 Ra1+ 36. Kh2 Rc2 37. f3 Re1 38. Rxa5 Rxe3 39. Kh3 Ree2 40. b4 Rxg2 41. Rc5 Rxc5 42. Rb8+ Kh7 43. Kxg2 Rc2+ 44. Kh3 h5 45. b5 g5 46. b6 f5 47. b7 g4+ 48. fxg4 hxg4+ 49. Kh4 Kg6 50. Rg8+ Kh6 51. Rh8+ Kg6 52. Rg8+ Kh6 1/2-1/2

[Event "AUT-chT2O 2122"]
[Site "Austria"]
[Date "2022.03.12"]
[Round "8.6"]
[White "Wandl, Werner"]
[Black "Dittel, Herbert"]
[Result "1/2-1/2"]
[WhiteElo "1983"]
[BlackElo "2002"]
[PlyCount "59"]
[EventDate "2021.10.16"]
[EventType "team-tourn"]
[EventRounds "11"]
[EventCountry "AUT"]
[SourceTitle "EXT 2024"]
[Source "ChessBase"]
[SourceDate "2023.10.10"]
[SourceVersion "1"]
[SourceVersionDate "2023.10.10"]
[SourceQuality "1"]
[WhiteTeam "Pressbaum"]
[BlackTeam "Bad Voeslau"]
[WhiteTeamCountry "AUT"]
[BlackTeamCountry "AUT"]

1. d4 g6 2. Nf3 Bg7 3. b3 c5 4. e3 cxd4 5. exd4 d6 6. Bb2 Nf6 7. Bd3 Bg4 8. h3 Bxf3 9. Qxf3 d5 10. Nd2 0-0 11. 0-0 Nc6 12. a3 a6 13. Qe3 Re8 14. f4 Qb6 15. Rae1 Rad8 16. c3 e6 17. b4 Rc8 18. Nf3 Na5 19. Ne5 Nc4 20. Nxc4 dxc4 21. Bc2 Nd5 22. Qf3 Qc7 23. f5 Nf6 24. fxe6 Rxe6 25. Rxe6 fxe6 26. Bc1 Qc6 27. Bg5 Qxf3 28. Rxf3 Nd5 29. Be4 Rf8 30. Bxd5 1/2-1/2

[Event "AUT-chT2O 2122"]
[Site "Austria"]
[Date "2022.01.16"]
[Round "4.4"]
[White "Gschiel, Alexander"]
[Black "Dittel, Herbert"]
[Result "1-0"]
[WhiteElo "2112"]
[BlackElo "2002"]
[PlyCount "91"]
[EventDate "2021.10.16"]
[EventType "team-tourn"]
[EventRounds "11"]
[EventCountry "AUT"]
[SourceTitle "EXT 2023"]
[Source "ChessBase"]
[SourceDate "2022.10.05"]
[SourceVersion "1"]
[SourceVersionDate "2022.10.05"]
[SourceQuality "1"]
[WhiteTeam "Pamhagen II"]
[BlackTeam "Bad Voeslau"]
[WhiteTeamCountry "AUT"]
[BlackTeamCountry "AUT"]

1. d4 Nf6 2. c4 e6 3. Nf3 d5 4. g3 dxc4 5. Bg2 Bd7 6. 0-0 Bc6 7. Nbd2 b5 8. Re1 Be7 9. e4 0-0 10. Qc2 Bb7 11. b3 cxb3 12. Nxb3 Nc6 13. Bf4 Nb4 14. Qb1 c6 15. a3 Na6 16. a4 b4 17. Qc2 Rc8 18. Rad1 h6 19. h3 Re8 20. Nfd2 Nd7 21. Nc4 Nf6 22. Nc5 Nxc5 23. dxc5 Nd5 24. Ne5 Qa5 25. exd5 cxd5 26. c6 Bf6 27. Ng4 Bxc6 28. Nxf6+ gxf6 29. Qb2 e5 30. Bxh6 b3 31. Qxb3 Bxa4 32. Qxd5 Rc5 33. Qe4 Bxd1 34. Rxd1 f5 35. Qxf5 Qa6 36. Bd5 Rxd5 37. Qg5+ Qg6 38. Qxg6+ fxg6 39. Rxd5 Re6 40. Bd2 a6 41. Bc3 e4 42. Re5 Rc6 43. Ba5 Rc1+ 44. Kg2 Ra1 45. Bb6 Rb1 46. Be3 1-0

[Event "Niederoesterreich Landesliga 1819"]
[Site "Austria"]
[Date "2018.10.14"]
[Round "2.4"]
[White "Dittel, Herbert"]
[Black "Seidler, Dieter"]
[Result "1/2-1/2"]
[WhiteElo "2062"]
[BlackElo "1959"]
[PlyCount "80"]
[EventDate "2018.09.30"]
[EventType "team-tourn"]
[EventRounds "11"]
[EventCountry "AUT"]
[SourceTitle "CBM 189 Extra"]
[Source "ChessBase"]
[SourceDate "2019.06.03"]
[SourceVersion "1"]
[SourceVersionDate "2019.06.03"]
[SourceQuality "1"]
[WhiteTeam "Kottingbrunn"]
[BlackTeam "Bisamberg/Korneuburg"]
[WhiteTeamCountry "AUT"]
[BlackTeamCountry "AUT"]

1. d4 e6 2. c4 d5 3. Nc3 Nf6 4. Bg5 c6 5. e3 Nbd7 6. Nf3 Qa5 7. Nd2 Bb4 8. Qc2 dxc4 9. Bxf6 Nxf6 10. Nxc4 Bxc3+ 11. bxc3 Qc7 12. Bd3 h6 13. Ne5 0-0 14. 0-0 c5 15. Rac1 b6 16. f4 Nd7 17. Qe2 Bb7 18. Bb1 Rac8 19. Qc2 f5 20. Ng6 Rfe8 21. Qe2 Nf6 22. Ne5 Be4 23. Bxe4 Nxe4 24. c4 Qb7 25. Rfd1 Nf6 26. Qd3 Rcd8 27. Qc2 Qe4 28. Qxe4 Nxe4 29. dxc5 bxc5 30. Nc6 Rd6 31. Rxd6 Nxd6 32. Nxa7 Ra8 33. Nb5 Ne4 34. Rc2 Rd8 35. g3 Rd3 36. a4 Rd1+ 37. Kg2 Ra1 38. Nc3 Nxc3 39. Rxc3 Rxa4 40. Kf3 Kf7 1/2-1/2

[Event "AUT-chT2O 1617"]
[Site "Austria"]
[Date "2017.04.02"]
[Round "11.6"]
[White "Dittel, Herbert"]
[Black "Weinzetl, Andreas"]
[Result "1-0"]
[WhiteElo "2068"]
[BlackElo "1984"]
[PlyCount "71"]
[EventDate "2016.10.15"]
[EventType "team-tourn"]
[EventRounds "11"]
[EventCountry "AUT"]
[SourceTitle "CBM 177 Extra"]
[Source "ChessBase"]
[SourceDate "2017.04.27"]
[SourceVersion "1"]
[SourceVersionDate "2017.04.27"]
[SourceQuality "1"]
[WhiteTeam "Bad Voeslau"]
[BlackTeam "Nickelsdorf Blackburne II"]
[WhiteTeamCountry "AUT"]
[BlackTeamCountry "AUT"]

1. d4 Nf6 2. Nf3 d6 3. c4 g6 4. Nc3 Bg7 5. e4 0-0 6. Be2 c6 7. 0-0 Qc7 8. Ne1 e5 9. d5 Ne8 10. Nd3 f5 11. Bd2 Nd7 12. Kh1 Nef6 13. f3 f4 14. b4 a5 15. a3 axb4 16. axb4 Rxa1 17. Qxa1 g5 18. Qa2 cxd5 19. cxd5 h5 20. Nb5 Qb6 21. Nb2 g4 22. Qa4 g3 23. Nc4 Qd8 24. Nbxd6 Nxe4 25. Nxc8 Nxd2 26. Nxd2 Qxc8 27. Qb3 gxh2 28. Ne4 Qd8 29. d6+ Kh8 30. Qe6 Nf6 31. Qxe5 Nxe4 32. Qxh5+ Kg8 33. Bc4+ Rf7 34. Qxf7+ Kh7 35. Qf5+ Kh6 36. fxe4 1-0

[Event "Niederoesterreich Landesliga 1617"]
[Site "Austria"]
[Date "2017.02.19"]
[Round "7.1"]
[White "Lendwai, Reinhard"]
[Black "Dittel, Herbert"]
[Result "1-0"]
[WhiteElo "2383"]
[BlackElo "2068"]
[PlyCount "77"]
[EventDate "2016.10.02"]
[EventType "team-tourn"]
[EventRounds "11"]
[EventCountry "AUT"]
[SourceTitle "EXT 2018"]
[Source "ChessBase"]
[SourceDate "2017.10.13"]
[SourceVersion "1"]
[SourceVersionDate "2017.10.13"]
[SourceQuality "1"]
[WhiteTeam "Baden Invest II"]
[BlackTeam "Kottingbrunn"]
[WhiteTeamCountry "AUT"]
[BlackTeamCountry "AUT"]

1. c4 e5 2. Nc3 Nc6 3. g3 d6 4. Bg2 Be6 5. d3 Qd7 6. Rb1 g6 7. b4 Bg7 8. b5 Nd8 9. a4 Ne7 10. Nd5 0-0 11. Qb3 c6 12. Nxe7+ Qxe7 13. Nf3 h6 14. 0-0 Qd7 15. Ba3 Re8 16. bxc6 bxc6 17. Qb4 Bf8 18. c5 dxc5 19. Qc3 f6 20. Bxc5 Bh3 21. Bxf8 Bxg2 22. Kxg2 Kxf8 23. Rfc1 Kg7 24. a5 Rc8 25. a6 Rc7 26. Rb8 Re7 27. Rcb1 c5 28. Qc4 Rf7 29. R1b5 Qd6 30. Kg1 Ne6 31. R5b7 Nd8 32. Rxc7 Rxc7 33. Nh4 f5 34. Nxg6 Kxg6 35. Qg8+ Rg7 36. Rxd8 Qxa6 37. Qe8+ Rf7 38. Qxe5 Qb5 39. Rg8+ 1-0

[Event "Niederoesterreich Landesliga 1617"]
[Site "Austria"]
[Date "2016.10.23"]
[Round "2.4"]
[White "Dittel, Herbert"]
[Black "Ehs, Dominik"]
[Result "1/2-1/2"]
[WhiteElo "2068"]
[BlackElo "2108"]
[PlyCount "68"]
[EventDate "2016.10.02"]
[EventType "team-tourn"]
[EventRounds "11"]
[EventCountry "AUT"]
[SourceTitle "EXT 2018"]
[Source "ChessBase"]
[SourceDate "2017.10.13"]
[SourceVersion "1"]
[SourceVersionDate "2017.10.13"]
[SourceQuality "1"]
[WhiteTeam "Kottingbrunn"]
[BlackTeam "Mostarrichi"]
[WhiteTeamCountry "AUT"]
[BlackTeamCountry "AUT"]

1. d4 Nf6 2. Nf3 g6 3. c4 Bg7 4. Nc3 d6 5. e4 0-0 6. Be2 e5 7. 0-0 a5 8. dxe5 dxe5 9. Qxd8 Rxd8 10. Bg5 Nbd7 11. Rfd1 Rf8 12. Nd5 c6 13. Ne7+ Kh8 14. Nxc8 Raxc8 15. Nd2 Nc5 16. f3 Ne6 17. Be3 a4 18. b4 Nd4 19. Bxd4 exd4 20. Rab1 Nd7 21. c5 b5 22. cxb6 Nxb6 23. Nc4 Nxc4 24. Bxc4 Bh6 25. g3 Be3+ 26. Kg2 f6 27. Rd3 Rc7 28. Ra3 Ra8 29. f4 Rb7 30. Kf3 Bd2 31. b5 Ra5 32. b6 Ra8 33. e5 f5 34. Bd3 Bc3 1/2-1/2

[Event "Niederoesterreich Landesliga 1415"]
[Site "Austria"]
[Date "2014.11.30"]
[Round "5.4"]
[White "Dittel, Herbert"]
[Black "Herndlbauer, Martin"]
[Result "1-0"]
[WhiteElo "2044"]
[BlackElo "2110"]
[PlyCount "75"]
[EventDate "2014.10.05"]
[EventType "team-tourn"]
[EventRounds "11"]
[EventCountry "AUT"]
[SourceTitle "EXT 2016"]
[Source "ChessBase"]
[SourceDate "2015.10.08"]
[SourceVersion "1"]
[SourceVersionDate "2015.10.08"]
[SourceQuality "1"]
[WhiteTeam "Bad Voeslau/Kottingbrunn"]
[BlackTeam "Baden Invest II"]
[WhiteTeamCountry "AUT"]
[BlackTeamCountry "AUT"]

1. d4 d5 2. Nf3 Nf6 3. Bf4 c5 4. e3 Nc6 5. c3 Qb6 6. Qc1 Nh5 7. Bg3 Bg4 8. Nbd2 Rc8 9. Qb1 g6 10. Bd3 Bg7 11. 0-0 Nxg3 12. hxg3 0-0 13. Nh2 Bd7 14. Ndf3 Rfd8 15. Rd1 e5 16. dxe5 Nxe5 17. Nxe5 Bxe5 18. Nf3 Bg7 19. Rd2 Be6 20. Qd1 Qc7 21. Be2 b5 22. a3 a5 23. Ne1 Rb8 24. Bf3 b4 25. axb4 axb4 26. cxb4 c4 27. Ra2 Rxb4 28. Bxd5 Bxd5 29. Rxd5 Rxd5 30. Qxd5 Bxb2 31. Ra8+ Kg7 32. Qe4 Be5 33. f4 Bf6 34. Qe8 Be7 35. Qh8+ Kh6 36. Rg8 Bf8 37. g4 g5 38. Qf6# 1-0

[Event "Vienna Husek op-A"]
[Site "Vienna"]
[Date "2012.08.15"]
[Round "3"]
[White "Dittel, Herbert"]
[Black "Siclovan, Cristian Daniel"]
[Result "1/2-1/2"]
[WhiteElo "2015"]
[BlackElo "2182"]
[PlyCount "85"]
[EventDate "2012.08.13"]
[EventType "swiss"]
[EventRounds "7"]
[EventCountry "AUT"]
[SourceTitle "EXT 2014"]
[Source "ChessBase"]
[SourceDate "2013.11.20"]
[SourceVersion "1"]
[SourceVersionDate "2013.11.20"]
[SourceQuality "1"]

1. d4 Nf6 2. Nf3 e6 3. g3 c5 4. c3 b6 5. Bg2 Bb7 6. 0-0 Be7 7. Bg5 h6 8. Bxf6 Bxf6 9. Nbd2 Nc6 10. dxc5 bxc5 11. Ne4 Be7 12. Nd6+ Bxd6 13. Qxd6 Qe7 14. Rfd1 Qxd6 15. Rxd6 Ke7 16. Rd2 d5 17. Rad1 Rhd8 18. e3 Rd7 19. e4 Rad8 20. exd5 exd5 21. Nh4 Ne5 22. b3 Kf6 23. Bh3 Re7 24. f4 Nd7 25. Kf2 Nb6 26. Nf5 Re4 27. Ne3 Rde8 28. Ng4+ Ke7 29. Bg2 Re6 30. c4 Kd6 31. cxd5 R6e7 32. Ne5 f6 33. Nc6 Re3 34. Nxa7 Ba6 35. Bf1 Bxf1 36. Kxf1 c4 37. b4 c3 38. Nb5+ Kd7 39. Rc2 Nc4 40. Nxc3 R3e7 41. Rd3 Ne3+ 42. Rxe3 Rxe3 43. Nb5 1/2-1/2